The dissent of Nazrul Islam: (Record no. 8495)

MARC details
000 -LEADER
fixed length control field 00652 a2200193 4500
005 - DATE AND TIME OF LATEST TRANSACTION
control field 20190214145010.0
010 ## - LCCN (DPL NO)
LC control number ENG-88485
020 ## - INTERNATIONAL STANDARD BOOK NUMBER
International Standard Book Number 0195683986
Terms of availability 695.00
035 ## - SYSTEM CONTROL NUMBER
System control number EN-72018
037 ## - SOURCE OF ACQUISITION
Source of stock number/acquisition DBAD / PUB
082 ## - DEWEY DECIMAL CLASSIFICATION NUMBER
Classification number 863.16
100 ## - MAIN ENTRY--PERSONAL NAME
Personal name Mitra, Priti Kumar
245 ## - TITLE STATEMENT
Title The dissent of Nazrul Islam:
Statement of responsibility, etc by Priti Kumar Mitra
Remainder of title poetry and history/
260 ## - PUBLICATION, DISTRIBUTION, ETC. (IMPRINT)
Place of publication, distribution, etc New Delhi
Name of publisher, distributor, etc Oxford University Press
Date of publication, distribution, etc 2007
270 ## - ADDRESS
Address YMCA Library Building, Jai Singh Road
City New Delhi
Postal code 110 001
300 ## - PHYSICAL DESCRIPTION
Extent xxiii, 330p.
Dimensions 22cm (Hb )
Other physical details b&w photos
500 ## - GENERAL NOTE
General note Includes bibliographical references and index
942 ## - ADDED ENTRY ELEMENTS (KOHA)
Institution code [OBSOLETE] dpl
Item type English Books
Source of classification or shelving scheme Dewey Decimal Classification
Classification part 863.17
Call number suffix MIT
Holdings
Withdrawn status Lost status Not for loan Collection code Home library Current library Source of acquisition Cost, normal purchase price Full call number Barcode Copy number Cost, replacement price Koha item type
    Not For Loan Non-fiction D.B.Act.Division D.B.Act.Division DBAD/PUB 695.00 863.17 MIT EN-72018 1 695.00 English Books

© Delhi Public Library
Hit Counter
free hit counter